000
00336nam a2200133Ia 4500
008
240624s9999 xx 000 0 und d
041
_a
eng
082
_a
006.3 FRE
100
_a
FREEMAN JAMES A
245
_a
NEURAL NETWORKS ALGORITHMS APPLICATIONS
260
_c
2004
_a
New Delhi
_b
Pearson Education
300
_a
xiii, : 401
365
_c
RS
999
_c
833
_d
833